| 000 | 00924nam a2200277Ia 4500 | ||
|---|---|---|---|
| 001 | Para_1035 | ||
| 003 | CHAP | ||
| 008 | 220125s1995 xx 000 0 und d | ||
| 010 | _a199761 | ||
| 040 | _cCHAP | ||
| 090 | _aPA TESIS 1001 | ||
| 100 |
_aRodríguez Fonseca, Ricardo _998483 |
||
| 245 |
_aProducción de semilla hibrida de sorgo para grano en el norte de Tamaulipas : _b Memorias de esperiencia profesional / _c por Ricardo Rodríguez Fonseca |
||
| 260 |
_aChapingo, Méx. : _b El autor |
||
| 300 | _a63 h. | ||
| 502 | _aTesis (Ing. Agr. Esp. en Parasitología Agrícola) -- UACh. Depto. Parasitología | ||
| 650 |
_aSorgo _x Semilla _9108720 |
||
| 710 |
_aUACh. Departamento Parasitología Agrícola _9164025 |
||
| 901 | _aPA TESIS 1001 | ||
| 902 | _aA | ||
| 905 | _a0000001995 0000000000 00 | ||
| 910 | _a1995 | ||
| 942 | _cPARA | ||
| 942 |
_cPARA _d1 |
||
| 999 |
_c199761 _d199761 |
||